Online Catalogue and eLibrary

The Politics of India's Conventional Cinema: (Record no. 1111)

MARC details
000 -LEADER
fixed length control field 00560nam a2200205Ia 4500
005 - DATE AND TIME OF LATEST TRANSACTION
control field 20250319040254.0
008 - FIXED-LENGTH DATA ELEMENTS--GENERAL INFORMATION
fixed length control field 240331s9999 xx 000 0 und d
020 ## - INTERNATIONAL STANDARD BOOK NUMBER
ISBN 0761993118
082 ## - DDC Classification
Class No. 302.23
Item Number - Author Mark KAZ
DDC Edition Number 4242
100 ## - MAIN ENTRY--PERSONAL NAME
Personal name Kazmi, F
245 #0 - TITLE STATEMENT
Title The Politics of India's Conventional Cinema:
Remainder of title Imaging a Universe, Subverting a Multiverse
260 ## - PUBLICATION, DISTRIBUTION, ETC.
Place of publication, distribution, etc. New Delhi;
-- California;
-- London,
Name of publisher, distributor, etc. SAGE Publications
Date of publication, distribution, etc. 1999
300 ## - PHYSICAL DESCRIPTION
Extent (e.g. Volumes, Pages etc.) 254 p.,
650 ## - SUBJECT ADDED ENTRY--TOPICAL TERM
Topical term or geographic name entry element Cinema
650 ## - SUBJECT ADDED ENTRY--TOPICAL TERM
Topical term or geographic name entry element Media
650 ## - SUBJECT ADDED ENTRY--TOPICAL TERM
Topical term or geographic name entry element Politics
650 ## - SUBJECT ADDED ENTRY--TOPICAL TERM
Topical term or geographic name entry element India
650 ## - SUBJECT ADDED ENTRY--TOPICAL TERM
Topical term or geographic name entry element Culture
942 ## - Koha item type (Biblio)
Koha item type Books in Stacks (Lending)
Holdings
Lost status Damaged status Collection code Home library Current library Shelving location Date acquired Full call number Accession Number Item type
    Lending WERC Library WERC Library Social Science Cupboard 03/31/2024 302.23 KAZ 4242 Books in Stacks (Lending)

© WERC Library